000 00327 a2200109 4500
001 ART_9196
005 20260410161835.0
008 260409a
245 1 0 _aIntroducción al Método Simplex
100 1 _aBonatti, Patricia
773 0 _tContabilidad y administración
_g- Año 4, Nº 38 (ago. 1980)
_wREV5485
999 _c23564
_d23564